Misterio del diablo danzante / (Registro nro. 8347)

Detalles MARC
000 -LIDER
fixed length control field 01067nam a22003257a 4500
001 - NÚMERO DE CONTROL
Identificador de número de control 0074
003 - IDENTIFICACDOR DE NÚMERO DE CONTROL
control field DO-SdBNP
005 - DATE AND TIME OF LATEST TRANSACTION
control field 20180131132820.0
007 - CAMPOS FIJOS DE DESCRIPCIÓN FÍSICA
fixed length control field 0074
008 - ELEMENTOS DE LONGITUD FIJA
fixed length control field 151008b sp 1991 sp 00| 0 spa d
020 ## - ISBN
International Standard Book Number 842724925X
040 ## - FUENTE DE CATALOGACIÓN
Agencia que crea de manera original el registro BPMSU
Idioma de catalogación spa
Agencia que realiza la transcripción BPMSU
082 #4 - NÚMERO DE CLASIFICACIÓN DECIMAL DE DEWEY
Classification number 813
Item number A676m
100 10 - ASIENTO PRINCIPAL -- NOMBRE PERSONAL
Nombre personal Arden, Willian
Fechas asociadas con el nombre 1924-2005
245 10 - MENCIÓN DE TITULO
Título Misterio del diablo danzante /
Mención de responsabilidad Willian Arden ; traducción Ramón Margalef Llambrich ; ilustración R. Escolano
260 ## - PUBLICACIÓN, DISTRIBUCIÓN, ETC. (PIE DE IMPRENTA)
Lugar de publicación, distribución, etc Barcelona :
Nombre del editor, distribuidor, etc. Molino,
Fecha de publicación, distribución, etc 1984
300 ## - DESCRIPCIÓN FÍSICA
Extensión 173 p. :
Otros detalles físicos il.,
Dimensiones 20 cm.
490 1# - MENCIÓN DE SERIES
Mención de serie Alfred Hitchcock y los tres investigadores
Volume/sequential designation ; 25
650 ## - ENCABEZAMIENTO DE MATERIA--TEMÁTICO
Término temático o nombre geográfico como elemento de entrada NOVELA POLICÍACA INGLESA
650 #4 - ENCABEZAMIENTO DE MATERIA--TEMÁTICO
Término temático o nombre geográfico como elemento de entrada LITERATURA POLICÍACA INGLESA
650 #4 - ENCABEZAMIENTO DE MATERIA--TEMÁTICO
Término temático o nombre geográfico como elemento de entrada LITERATURA JUVENIL INGLESA
700 10 - ASIENTO SECUNDARIO -- NOMBRE PERSONAL
Nombre personal Magalef Llambrich, Ramón,
Mención de responsabilidad tr.
700 10 - ASIENTO SECUNDARIO -- NOMBRE PERSONAL
Nombre personal Hitchcock, Alfred
Mención de responsabilidad pról.
700 10 - ASIENTO SECUNDARIO -- NOMBRE PERSONAL
Nombre personal Escolano, R.,
Mención de responsabilidad il.
830 #0 - ASIENTO SECUNDARIO DE SERIE--TÍTULO UNIFORME
Título uniforme Alfred Hitchcock y los tres investigadores
Número de la parte o sección de una obra ; 25
942 ## - ADDED ENTRY ELEMENTS (KOHA)
Source of classification or shelving scheme Dewey Decimal Classification
Koha item type Libros
945 ## - INFORMACIÓN DE PROCESAMIENTO LOCAL
Información de procesamiento local Inventariado, 2018/ YL
956 ## - LOCAL ELECTRONIC LOCATION AND ACCESS (OCLC)
Nombre de host Brenda Tavárez
956 ## - LOCAL ELECTRONIC LOCATION AND ACCESS (OCLC)
Nombre de host Validado. Control de calidad MFF
Existencias
Withdrawn status Lost status Source of classification or shelving scheme Damaged status Not for loan Collection code Home library Current library Date acquired Source of acquisition Total Checkouts Full call number Barcode Date last seen Price effective from Koha item type
    Dewey Decimal Classification     Colección Juvenil General Biblioteca Pública Metropolitana Salomé Ureña Biblioteca Pública Metropolitana Salomé Ureña 10/08/2015 Fundi   813 A676m BPMSU15100069 10/08/2015 10/08/2015 Libros